000 00743cam a22002413a 4500
001 31819
003 PGUSA
005 20140828083705.0
008 100329s2010||||xxu|||||s|||||000 | eng d
040 _aPGUSA
_beng
042 _adc
050 4 _aE660
100 1 _aWilson, D. L.
_q(Daniel Love),
_d1849-1902
245 1 0 _aKu Klux Klan :
_bIts Origin, Growth and Disbandment
_h[electronic resource] /
_cD. L. Wilson
260 _bProject Gutenberg,
_c2010
506 _aPublic domain in the USA.
516 _aElectronic text
653 _aKu Klux Klan (19th century)
700 1 _aFleming, Walter L.
_q(Walter Lynwood),
_d1874-1932
830 0 _aProject Gutenberg
_v31819
856 4 0 _uhttp://www.gutenberg.org/ebooks/31819
942 _cEB
999 _c261074
_d261074